| 000 | 01405nam a2200385 4500 | ||
|---|---|---|---|
| 999 |
_c24207 _d24207 |
||
| 001 | vtls012072557 | ||
| 005 | 20260507110653.0 | ||
| 008 | 211008s2021 xo a e 000 0 slo | ||
| 020 |
_a9788055174471 _q(viazané) |
||
| 040 |
_aZKSE _bslo _cZKSE _erda |
||
| 041 | 1 |
_aslo _hrus |
|
| 044 |
_axo _cSK |
||
| 072 | 7 |
_a17 _xEtika. Morálna filozofia _2konspekt |
|
| 080 |
_a173.5+173.7 _22011 |
||
| 080 |
_a37.015.311-053.2 _22011 |
||
| 080 |
_a613.952/.954 _22011 |
||
| 080 |
_a(0.062) _22011 |
||
| 080 |
_a(0:82-321.5) _22011 |
||
| 100 | 1 |
_aBykova, Anna _4aut _95567 |
|
| 240 | 1 | 0 |
_aSekrety spokojstvija ,"lenivoj mamy" _lSlovensky |
| 245 | 1 | 0 |
_aTajomstvo spokojnosti "lenivej mamy" _cAnna Bykovová ; z ruského originálu Sekrety spokojstvija ,,lenivoj mamy" ... preložila Silvia Semaková |
| 250 | _aPrvé vydanie | ||
| 264 | 1 |
_aBratislava _bIkar _c2021 |
|
| 300 |
_a232 strán _bilustrácie _c22 cm |
||
| 336 |
_atext _btxt _2rdacontent |
||
| 337 |
_abez média _bn _2rdamedia |
||
| 338 |
_azväzok _bnc _2rdacarrier |
||
| 500 | _aNa obálke nad názvom: Vyrovnaná mama - šťastné dieťa | ||
| 650 | 0 | 7 |
_amatky a deti _2SNKPH _95568 |
| 650 | 0 | 7 |
_avýchova dieťaťa _2SNKPH _91598 |
| 650 | 0 | 7 |
_astarostlivosť o dieťa _2SNKPH _91841 |
| 655 | 7 |
_apopulárno-náučné publikácie _2SNKPH _91486 |
|
| 655 | 7 |
_ahumoristické príbehy _2SNKPH _95569 |
|
| 700 | 1 |
_aSemaková, Silvia, _d1952- _4trl _95570 |
|